Jak těžit z patentů a vydělat na nápadech

Databáza patentov Espacenet. Možnosť štúdia ochrany priemyselných práv na Metropolitnej univerzite v Prahe. Činnosť patentového úradu v Českej republike. Ako hájiť konkurenčné postavenie na trhu. Espacenet - nedocenená databáza. Globálna patentová vojna. Patenty v Číne. Príprava Jednotného patentové...

Ausführliche Beschreibung

Gespeichert in:
Bibliographische Detailangaben
1. Verfasser: Kejhová, Hana
Format: Buchkapitel
Sprache:Tschechisch
Schlagworte:
Tags: Tag hinzufügen
Keine Tags, Fügen Sie das erste Tag hinzu!

MARC

LEADER 00000naa a2200000 4500
001 0211884
005 20160203095305.6
041 0 |a cze 
044 |a CZ 
245 1 0 |a Jak těžit z patentů a vydělat na nápadech  |c Hana Kejhová 
520 |a Databáza patentov Espacenet. Možnosť štúdia ochrany priemyselných práv na Metropolitnej univerzite v Prahe. Činnosť patentového úradu v Českej republike. Ako hájiť konkurenčné postavenie na trhu. Espacenet - nedocenená databáza. Globálna patentová vojna. Patenty v Číne. Príprava Jednotného patentového súdu v Európe. Višehradský patentový inštitút. 
610 2 0 |a patenty 
610 2 0 |a právo priemyselné 
610 2 0 |a inovácia 
610 2 0 |a vynálezy 
610 2 0 |a báza dát 
610 2 0 |a Česko 
610 2 0 |a Európa 
610 2 0 |a Čína 
100 1 |a Kejhová, Hana